En el horizonte de la cultura americana nuestra vida se transfigura y se humaniza /

Salvato in:
Dettagli Bibliografici
Autore principale: Amar Amar, Jaime
Natura: Sconosciuto
Lingua:Spanish
Soggetti:
Tags: Aggiungi Tag
Nessun Tag, puoi essere il primo ad aggiungerne!!

MARC

LEADER 000000000a22000000004500
001 007162
041 0 |a spa 
100 1 |a Amar Amar, Jaime 
245 1 0 |a En el horizonte de la cultura americana nuestra vida se transfigura y se humaniza /   |c Jaime Amar Amar. 
310 |a Semestral 
650 4 |a ESCRITORES LATINOAMERICANOS 
650 4 |a CERVANTES SAAVEDRA, MIGUEL DE, (1547-1616) 
650 4 |a DON QUIJOTE DE LA MANCHA 
650 4 |a DARÍO, RUBÉN, SEUDÓNIMO, 1867-1916 
773 0 |d Heredia, Costa Rica : Instituto de Estudios Latinoamericanos (IDELA)  |t Repertorio Americano. Nueva Época  |g número 5 (1998), páginas 88-90 
942 |c ARC 
999 |c 13280  |d 13280